<?xml version='1.0' encoding='UTF-8'?>
  <record xmlns="http://www.loc.gov/MARC21/slim">
    <leader>00000cam a2200000 i 4500</leader>
    <controlfield tag="001">ocm66561057</controlfield>
    <controlfield tag="003">OCoLC</controlfield>
    <controlfield tag="005">20251207100748.6</controlfield>
    <controlfield tag="008">040620s1585    gw            000 0 ger d</controlfield>
    <datafield tag="040" ind1=" " ind2=" ">
      <subfield code="a">NLGGC</subfield>
      <subfield code="b">eng</subfield>
      <subfield code="e">rda</subfield>
      <subfield code="e">dcrmr</subfield>
      <subfield code="c">NLGGC</subfield>
      <subfield code="d">QGJ</subfield>
      <subfield code="d">OCLCL</subfield>
      <subfield code="d">QGJ</subfield>
      <subfield code="d">OCLCQ</subfield>
    </datafield>
    <datafield tag="029" ind1="0" ind2=" ">
      <subfield code="a">NLGGC</subfield>
      <subfield code="b">26516706X</subfield>
    </datafield>
    <datafield tag="029" ind1="1" ind2=" ">
      <subfield code="a">DEBSZ</subfield>
      <subfield code="b">057209626</subfield>
    </datafield>
    <datafield tag="035" ind1=" " ind2=" ">
      <subfield code="a">(OCoLC)66561057</subfield>
    </datafield>
    <datafield tag="041" ind1="1" ind2=" ">
      <subfield code="a">ger</subfield>
      <subfield code="h">lat</subfield>
    </datafield>
    <datafield tag="100" ind1="1" ind2=" ">
      <subfield code="a">Rantzau, Henrik,</subfield>
      <subfield code="d">1526-1598,</subfield>
      <subfield code="e">author.</subfield>
      <subfield code="4">aut</subfield>
      <subfield code="1">https://id.oclc.org/worldcat/entity/E39PBJtgYdHYhqXYQxvkDdcVmd</subfield>
    </datafield>
    <datafield tag="240" ind1="1" ind2="0">
      <subfield code="a">De conservanda valetudine liber.</subfield>
      <subfield code="l">German</subfield>
    </datafield>
    <datafield tag="245" ind1="1" ind2="0">
      <subfield code="a">De conseruanda valetudine. Das ist: Von erhaltung menschlicher gesundheit :</subfield>
      <subfield code="b">Ein sehr nützliches Handbuch, allen menschen hohes vnd niedriges standes, auch den wanders vnd kriegßleuten dienstlichen. /</subfield>
      <subfield code="c">Vor dieser zeit von dem Edlen, gestrengen, hochgelarten Holsteinischen Herrn Stadthalter, Herrn Henrich Rantzau, Holsteinischen Stadthalter in Latein gebracht. ; Jetzt aber gantz treulich verdeutscht, zum andernmal vbersehen vnd mit vielen herrlichen Experimentlein ...  vermehret. Darbey auch das andere nützliche Tractetlein von der erschrecklichen seuche der Pestilentz, des hochgelarten vnd weitberühmten herrn D.  Iohannis Pontani verzeichnet, Durch den Gräfflichen Schwartzburgischen vnd der stadt Arnstadt Hoff vnd Stadt Medicum Iohannem Vuittichium Vinariensem.</subfield>
    </datafield>
    <datafield tag="246" ind1="3" ind2="1">
      <subfield code="a">Von erhaltung menschlicher gesundheit</subfield>
    </datafield>
    <datafield tag="264" ind1=" " ind2="1">
      <subfield code="a">Leipzig :</subfield>
      <subfield code="b">Gedruckt bey Hans Steinman,</subfield>
      <subfield code="c">1585.</subfield>
    </datafield>
    <datafield tag="300" ind1=" " ind2=" ">
      <subfield code="a">[24], 283, [33] pages ;</subfield>
      <subfield code="c">20 cm (4to)</subfield>
    </datafield>
    <datafield tag="336" ind1=" " ind2=" ">
      <subfield code="a">text</subfield>
      <subfield code="b">txt</subfield>
      <subfield code="2">rdacontent</subfield>
    </datafield>
    <datafield tag="337" ind1=" " ind2=" ">
      <subfield code="a">unmediated</subfield>
      <subfield code="b">n</subfield>
      <subfield code="2">rdamedia</subfield>
    </datafield>
    <datafield tag="338" ind1=" " ind2=" ">
      <subfield code="a">volume</subfield>
      <subfield code="b">nc</subfield>
      <subfield code="2">rdacarrier</subfield>
    </datafield>
    <datafield tag="340" ind1=" " ind2=" ">
      <subfield code="m">4to</subfield>
      <subfield code="2">rdabf</subfield>
    </datafield>
    <datafield tag="500" ind1=" " ind2=" ">
      <subfield code="a">Title page in red and black.</subfield>
    </datafield>
    <datafield tag="500" ind1=" " ind2=" ">
      <subfield code="a">Printer's name from colophon, which reads: Gedruckt zu Leipzig, Bey Hans Steinmann. 1585.</subfield>
    </datafield>
    <datafield tag="500" ind1=" " ind2=" ">
      <subfield code="a">Imprint: Leipzig, cum priuilegio 1585.</subfield>
    </datafield>
    <datafield tag="500" ind1=" " ind2=" ">
      <subfield code="a">The "Tractetlein" by Pontanus ([32] pages at end) has special title page: Iohannis Pontani Doctoris Einfeltiger vnd gar kurtzer Bericht, was man in den schweren Pestilentz Leufften gebrauchen sol, beydes zur Praeseruation vnd Curation. : Das erste Tractetlein, Dermal eins zu Weymar in gefehrlichen anfallenden sterbens leufften gestelt, vnd vilen guten freunden mitgeteilet. / Jetzo mit Fleis ... zusammen gebracht vnd menniglichen zu Trost publiciret ... Durch den Hoff vnd Stadt Medicum zu Arnstadt Iohann. Vuittichium Vinariensem</subfield>
    </datafield>
    <datafield tag="500" ind1=" " ind2=" ">
      <subfield code="a">Printer's device on page [284], with slogan: Lapis iste erit vobis in testimonium quod audieritis o[mn]ia verba D[o]m[i]ni. ne mentiri possitis Domino Deo vestro. Iosu. 24.</subfield>
    </datafield>
    <datafield tag="500" ind1=" " ind2=" ">
      <subfield code="a">"Tractetlein" by Pontanus has colophon: Leipzig, Bey Hans Steinmann. 1585.</subfield>
    </datafield>
    <datafield tag="500" ind1=" " ind2=" ">
      <subfield code="a">Initials; printed, marginal notes.</subfield>
    </datafield>
    <datafield tag="500" ind1=" " ind2=" ">
      <subfield code="a">Signatures: )a(-)c(⁴ A-Z⁴ Aa-Mm⁴ Nn² ²A-²D⁴; )a(1v is blank.</subfield>
    </datafield>
    <datafield tag="510" ind1="4" ind2=" ">
      <subfield code="a">Verzeichnis der im deutschen Sprachbereich erschienenen Drucke des 16. Jahrhunderts (VD 16),</subfield>
      <subfield code="c">R 229</subfield>
      <subfield code="u">https://gateway-bayern.de/VD16+R+229</subfield>
    </datafield>
    <datafield tag="510" ind1="4" ind2=" ">
      <subfield code="3">Pontanus, Johannes. Nützliches Traktätlein von der erschrecklichen Seuche der Pestilenz:</subfield>
      <subfield code="a">Verzeichnis der im deutschen Sprachbereich erschienenen Drucke des 16. Jahrhunderts (VD 16),</subfield>
      <subfield code="c">P 4229</subfield>
      <subfield code="u">https://gateway-bayern.de/VD16+P+4229</subfield>
    </datafield>
    <datafield tag="650" ind1=" " ind2="0">
      <subfield code="a">Hygiene</subfield>
      <subfield code="v">Early works to 1800.</subfield>
    </datafield>
    <datafield tag="650" ind1=" " ind2="6">
      <subfield code="a">Hygiène</subfield>
      <subfield code="v">Ouvrages avant 1800.</subfield>
    </datafield>
    <datafield tag="650" ind1=" " ind2="7">
      <subfield code="a">Hygiene</subfield>
      <subfield code="2">fast</subfield>
    </datafield>
    <datafield tag="655" ind1=" " ind2="7">
      <subfield code="a">Early works</subfield>
      <subfield code="2">fast</subfield>
    </datafield>
    <datafield tag="700" ind1="1" ind2=" ">
      <subfield code="a">Wittich, Johann,</subfield>
      <subfield code="d">1537-1596,</subfield>
      <subfield code="e">translator.</subfield>
      <subfield code="4">trl</subfield>
      <subfield code="1">https://id.oclc.org/worldcat/entity/E39PBJrgGvyctXBbyptKPCDQbd</subfield>
    </datafield>
    <datafield tag="700" ind1="0" ind2=" ">
      <subfield code="a">Frederick William</subfield>
      <subfield code="b">I,</subfield>
      <subfield code="c">Duke of Saxe-Weimar,</subfield>
      <subfield code="d">1562-1602,</subfield>
      <subfield code="e">dedicatee.</subfield>
      <subfield code="4">dte</subfield>
      <subfield code="1">https://id.oclc.org/worldcat/entity/E39PBJdRt3WtgrjYmd8mgkmfMP</subfield>
    </datafield>
    <datafield tag="700" ind1="1" ind2=" ">
      <subfield code="a">Leneman, Georgius,</subfield>
      <subfield code="e">dedicatee.</subfield>
      <subfield code="4">dte</subfield>
    </datafield>
    <datafield tag="700" ind1="1" ind2="2">
      <subfield code="i">Container of (work):</subfield>
      <subfield code="a">Pontanus, Joannes,</subfield>
      <subfield code="d">-1572.</subfield>
      <subfield code="t">Einfeltiger vnd gar kurtzer Bericht, was man in den schweren Pestilentz Leufften gebrauchen sol.</subfield>
    </datafield>
    <datafield tag="700" ind1="1" ind2=" ">
      <subfield code="a">Steinmann, Hans,</subfield>
      <subfield code="d">active 1571-1588,</subfield>
      <subfield code="e">printer.</subfield>
      <subfield code="4">prt</subfield>
      <subfield code="1">https://id.oclc.org/worldcat/entity/E39PCjtBhxCwHTqGTdxYFcCDC3</subfield>
    </datafield>
    <datafield tag="752" ind1=" " ind2=" ">
      <subfield code="a">Germany</subfield>
      <subfield code="d">Leipzig,</subfield>
      <subfield code="e">publication place.</subfield>
      <subfield code="4">pup</subfield>
    </datafield>
    <datafield tag="758" ind1=" " ind2=" ">
      <subfield code="i">has work:</subfield>
      <subfield code="a">De conservanda valetudine, das ist von erhaltung menschlicher gesundheit (Text)</subfield>
      <subfield code="1">https://id.oclc.org/worldcat/entity/E39PD3gch7KqF4bJ98Mvmy4ykC</subfield>
      <subfield code="4">https://id.oclc.org/worldcat/ontology/hasWork</subfield>
    </datafield>
    <datafield tag="936" ind1=" " ind2=" ">
      <subfield code="a">BATCHLOAD</subfield>
    </datafield>
  </record>